000 nam a22 a 4500
999 _c4461
_d4461
005 20170530105000.0
008 170530b1993 my ||||| |||| 00| 0 may d
040 _aAKMAL
082 _a354.595007246 HAS
090 _a354.595007246
_bHAS
100 _aHassan bin Arshad
_98618
245 _aKomitmen Pegawai Kanan Perkhidmatan Kastam Terhadap Organisasi /
_cHassan bin Arshad
260 _aMalaysia :
_c1993
300 _a197 ms
_ccm
599 _aDALAM PROSES
942 _2ddc
_cBOOK